000 00694nam0a22002531 4500
001 RU\NLR\INFOCOMM15\ROSSICA\1000122125
005 20250613192911.0
035 _a(NLR Aleph) 009961620
090 _a9604124
_c9604124
100 _a20040515d1856 |||y0rusy50 ca
101 1 _apol
102 _aRU
105 _ay ||||000ay
200 1 _aPiesń o półku Igora
_fPrzekład Adama Stanisł.Krasińskiego
210 _aPetersburg
_d1856
215 _d
702 1 _aKrasiński
_bA.S.
_cBiskup Wileński
_gAdam Stanisł.
_4730
801 1 _aRU
_bInfoComm
_c20040515
801 0 _aRU
_bNLR
_gPSBO
852 _aNLR
_j13.18.5.167
942 _cBOOK
980 _aNB
980 _aRossica